Krise ins Polnisch- belarussischen Grenzheit - Statistiques

Statistiques générales
  • Ce quiz a été pris 18 fois
  • Le résultat moyen est 20 sur 44
Statistiques - réponses
Hint Réponse % Correct
La frontière Die Grenze
100%
arrêter (stopper) Aufhalten
80%
le visa de visiteur Das Besuchervisum
80%
moyen de pression Das Druckmittel
80%
l'objectif final Das Endziel
80%
l'avion Das Flugzeug
80%
les bois Der Wald
80%
demander l'asile Einen Asylantrag stellen
80%
connu Bekannten
60%
s'éfforcer de Bemühen
60%
l'agence de voyage Das Reisebüro
60%
les migrants Der Flüchting
60%
les passeurs Der Schleuser
60%
faire du chantage Erpressen
60%
falsifier Fülschen
60%
responsable de für etwas verantwortlich
60%
parler Reden
60%
envoyer Schicken
60%
force de sécurité Sicherheitskräften
60%
surmonter überwinden
60%
arrêter (en prison) Verhaften
60%
Le développement Der Entwicklung
40%
le style Der Stil
40%
la situation Die Lage
40%
la ronde Die Runde
40%
connaissances Erkenntnissen
40%
proche Nahen
40%
décrire Schildern
40%
personne en quête de protection Schutzsuchende
40%
zone d'exclusion Sperrzone
40%
libre/ librement/ sans entrâve Ungehindert
40%
liste de déstinataires/ clef de répartition verteilerschlüssel
40%
poursuivre le voyage Weiterreisen
40%
décoller Abheben
20%
état d'urgence Ausnahmezustand
20%
trafic aérien Den Flugverkehr
20%
le marais Der Sumpf
20%
forcer Erzwingen
20%
autorité de la sécurité Der Sicherheitsbehörden
0%
franchissement de la frontière Grenzübertritten
0%
dureté Härte
0%
service de navette Shuttelservice
0%
hypothermie Unterkühlung
0%
echouer versagen
0%
Aucun quiz correspondant
Distribution des résultats
% des personnes avec chaque résultat
Percentile par nombre de réponses
Votre historique - résultats
Vous n’avez pas pris ce quiz